000 01177nam a22001697a 4500
003 SGT
020 _a9788126515547
082 _a546, LEE
100 _aLEE. J.D.
245 _aCONCISE INORGANIC CHEMISTRY
250 _a5TH
260 _aNEW DELHI
_bWILEY
_c2015
300 _a1032
650 _aINORGANIC CHEMISTRY
653 _aATOMIC STRUCTURE AND THE PERIODIC TABLE, INTRODUCTION TO BONDING, THE IONIC BOND, THE COVALENT BOND, THE METALLIC BOND, GENERAL PROPERTIES OF THE ELEMENTS, COORDINATION COMPOUNDS, HYDROGEN AND THE HYDRIDES, GROUP 1 - THE ALKALI METAL, THE CHLOR-ALKALI INDUSTRY, GROUP 2 - THE ALKALINE EARTH ELEMENTS, THE GROUP 13 ELEMENTS, THE GROUP 14 ELEMENTS, THE GROUP 15 ELEMENTS, GROUP 16 - THE CHALCOGENS, GROUP 17 - THE HALOGENS, GROUP 18 - THE NOBLE GASE, AN INTRODUCTION TO THE TRANSITION ELEMENTS, GROUP 3 - THE SCANDIUM GROUP, GROUP 4 - THE TITANIUM GROUP, GROUP 5 - THE VANADIUM GROUP, GROUP 6 - THE CHROMIUM GROUP, GROUP 7 - THE MANGANESE GROUP, GROUP 8 - THE IRON GROUP, GROUP 9 - THE COBALT GROUP, GROUP 10 - THE NICKEL GROUP, GROUP 11 - THE COPPER GROUP: COINAGE METALS, GROUP 12 - THE ZINC GROUP
942 _2ddc
_cFPS
_07
999 _c9362
_d9362